000 01172nac a22003137a 4500
001 BR8402285
003 BR-BrBNA
005 20240105120016.0
008 230509b bl.|||m| |||| 00| 0 por d
040 _aBR-BrBNA
_bpor
_cBiblioteca Nacional de Agricultura
072 _aL73
090 _a8310 BR8402285
100 1 _aMartino, R.C.
100 1 _aZamora, M.R.N.
100 1 _aLiberal, M.H.T.
100 1 _aPereira, A. da C.
100 1 _aBarros, G.C.
110 1 _aEmpresa de Pesquisa Agropecuaria do Estado do Rio de Janeiro, Niteroi (Brasil)
245 1 _aOcorrencia de Vibrio parahaemolyticus em camarao branco (Penaeus schmitti)em viveiros de engorda [bacteria, infeccao]
246 1 _a[Occurrence of Vibrio parahaemolyticus in white prawn (Penaeus schmitti)in fattening nurseries [bacterium, infection]]
260 3 _aNiteroi, RJ (Brasil):
_c1984.
300 _a3 p.
490 _aComunicado Tecnico - Empresa de Pesquisa Agropecuaria do Estado do Rio de Janeiro (Brazil)
_vno. 138
_xISSN 0100-896X
650 _aCAMARAO
650 _aBACTERIA
650 _aINFECCAO
909 _a202312
_bLúcia Elande
_c55
_dLúcia Elande
942 _2AGRIS
_n0
_cMS
999 _c277494
_d277494